Tennis de A à Z - Statistiques

Statistiques générales
  • Ce quiz a été pris 139 fois
    51 depuis la dernière actualisation
  • Le résultat moyen est 22 sur 26
Statistiques - réponses
Question Réponse % Correct
A Service gagnant durant lequel l'adversaire ne touche pas la balle Ace
98%
D Joueur Serbe emblématique du 21ème siècle Djokovic
96%
S Jeu, ___, et Match Set
96%
G Type de surface de Wimbledon Gazon
93%
I Nationalité de Jannik Sinner Italien
93%
V Soeur de Serena Venus
93%
Y Prénom du seul tennisman français vainqueur de RG en 1983 Yannick
93%
B Son poids est réglementé de 56 à 59,4 grammes Balle
91%
T Permet de départager une égalité à six jeux chacun Tie Break
91%
E Benoît Paire l'est régulièrement lorsque la défaite se fait sentir Enervé
89%
M Ville dans laquelle se déroule le tournoi majeur d'Australie Melbourne
89%
R Objet nécessaire à tout joueur qui se respecte Raquette
89%
U Tournoi du Grand Chelem américain US Open
89%
W Nom de famille de celles-ci Williams
89%
N Surnommé le "Taureau de Manacor" Nadal
87%
P Court Principal de Roland Garros Philippe-Chatrier
87%
Q Phase préliminaire d'un tournoi Qualifications
87%
O Nom donné initialement pour désigner un tournoi ouvert à tous les joueurs Open
84%
X Réseau sur lequel Kyrgios est connu pour ses tweets ironiques X
84%
F Jouent dans la catégorie WTA Femmes
78%
C Nom de la partie latérale du court de tennis Couloir
76%
H Prénom de Gaston Hugo
73%
L Joueur ayant crée sa marque en 1933, mondialement connue aujourd'hui Lacoste
73%
Z Médaillé d'Or aux JO de Tokyo en 2021 Zverev
67%
J Connu pour être l'ancêtre du tennis Jeu de Paume
64%
K Nationalité d'Alexander Bublik Kazakhe
58%
Aucun quiz correspondant
Distribution des résultats
% des personnes avec chaque résultat
Percentile par nombre de réponses
Votre historique - résultats
Vous n’avez pas pris ce quiz depuis la dernière actualisation